000 00890cam a2200205 4500
001 WS115370
008 011029n 000 0 eng u
035 _a(Sirsi) u115370
110 _aEuropean Federation of Management Consulting Associations
_94165
245 _aEuropean Federation of Management Consulting Associations
520 _aWeb site for this independent professional organisation committed to represent and promote the management consultancy profession throughout Europe. Includes their code of conduct and an outline of the management consultancy profession in Europe.
650 _aORGANISATION
650 _aEUROPE
650 _aINTERNATIONAL
650 _aManagement consultancy
_96255
650 _aCODE OF CONDUCT
690 _aMANAGEMENT-BUSINESS MANAGEMENT
856 4 0 _uhttps://www.feaco.org
_zView the website free of charge at www.feaco.org...
942 _n0
999 _c119943
_d119943